000 00563nam a2200229Ia 4500
003 OSt
005 20220928111125.0
006 a|||||r|||| 00| 0
007 ta
008 220927b |||||||| |||| 00| 0 eng d
024 _a55829
037 _cTextual
040 _aSDCL
_cSDCL
_beng
041 _2eng
_aeng
082 _aR6,3, L7
100 _aRamdayal
_9421580
245 0 _aSheristic ka itihash .
260 _aRohatash
_bGurudev
_c1977
300 _a590p.
_ccm.
942 _hR6,3, L7
_cTEXL
_2CC
999 _c737891
_d737891